| 000 | 00573cam a2200193 a 4500 | ||
|---|---|---|---|
| 020 | _a0030325927 | ||
| 040 | _cDLC | ||
| 082 | 0 | 0 | _a972 HOL 1990 C153 Or. |
| 100 | 1 | _aKintz, Ellen R. | |
| 245 | 1 | 0 |
_aLife under the tropical canopy : _btradition and change among the Yucatec Maya / |
| 260 |
_aFort Worth : _bHolt, Rinehart and Winston, _cc1990. |
||
| 300 |
_axix, 170 p. : _bill., maps ; _c24 cm. |
||
| 490 | 1 | _aCase studies in cultural anthropology. | |
| 650 | 0 | _aMayas | |
| 650 | 0 | _aMayas | |
| 650 | 0 | _aHuman ecology | |
| 650 | 0 | _aRain forest ecology | |
| 942 | _cAEDBB | ||
| 999 |
_c18865 _d18865 |
||